Insight Turkey

Bibliographic Details
Format: Journal
Language:English
Published: Ankara : SETA Foundation for Political, Economic, and Social Research, 1998-
Subjects:
Online Access:http://www.vlex.com/source/7202

MARC

LEADER 00000nas a22000007a 4500
005 20130321153003.0
007 cr|||| ||||
008 130321c19989999tu qr|p s|||| 0|||a1eng d
022 |a 1302177X  
035 |a 7202 
040 |a vLex 
090 |c 3969  |d 3969 
245 0 0 |a Insight Turkey  |h [Recurso electrn̤ico] 
256 |a Servicio en ln̕ea 
260 |a Ankara :  |b SETA Foundation for Political, Economic, and Social Research,   |c 1998- 
300 |a 1 Recurso electrn̤ico 
506 |d vLex Global  |d vLex Global (Academic Edition, excluding Law Schools)  |d vLex Global (U.S. Academic Edition, Law Schools)  |d vLex Global (U.S. Academic Edition, excluding Law Schools)  |d vLex Global (Academic Edition, Law Schools) 
650 0 4 |a Derecho islm̀ico  |v Revistas 
650 0 4 |a Relaciones internacionales  |v Revistas 
650 0 4 |a Comercio internacional  |v Revistas 
740 |a vLex Revistas (Servicio en ln̕ea) 
856 |a Acceso restringido  |u http://www.vlex.com/source/7202 
942 |c REV 
999 |a Islamic law